=LDR 00000nam 2200000 4500 =001 INLIS000000000035870 =005 20130612141708 =008 ***********************************Ind** =035 ##$$0010-061300000035870 =041 ##$$a Ind =082 ##$$a 335 =090 ##$$a 335, Ata =100 ##$$a Semi, Atar =245 ##$$a Kritik Sastra =260 ##$$a Angkasa $b Bandung =300 ##$$a 93 hlm, 22 cm =850 ##$$a NBPNMAT